000 00637nam a2200241 i 4500
003 DO-SdBNP
005 20241010081252.0
007 ta
008 240410s2014 dr 000 p spa d
020 _a9788499496122
040 _aDO-SdBNP
_bspa
_cBNPHU
_erda
082 _bG146t
_222
100 _985194
245 1 3 _aTsunami /
_cGlenda Galán
264 _aSanto Domingo :
_bLord Byron Ediciones
_c2014
300 _a79 páginas
_c21 cm.
336 _2rdacontent
_atexto
_btxt
337 _2rdamedia
_asin mediación
_bn
338 _2rdacarrier
_avolumen
_bnc
590 _aInventariado, 2024 / DG
910 _aDG
942 _2ddc
_cLF2
999 _c57802
_d57802